00464nam a2200145Ia 4500008004100000041001200041082001500053245004100068260000900109650000900118700001300127942000700140999001300147952015800160221030s9999 xx 000 0 und d aEnglish a105.23bBE 0aAssembly Language for the PCbFLOPPY c1997 aBook aP Narton cCD c172d172 pFloppy 980l0o105.23 BEr2022-10-30 00:00:00w2022-10-30yCD003Soft Copy4070aMIETLIBbMIETLIBcBL-First, FL-1, CUP-21, SH-0, R-0d2007-04-1010HBE